000 00587nam a2200181Ia 4500
003 IN-BaIIA
008 211028s9999 xx 000 0 eng d
040 _cIIA Library
080 _a954(093)
_bSOU-1
245 0 _aSources of the history of India
_bvol. I
_cedited by S. P. Sen
260 _aCalcutta
_bInstitute of Historical Studies
_c1988
300 _axv, 551p.
650 _aAstronomy and Astrophysics Thesaurus
650 _aHistory
_97064
650 _aIndia-history sources
_916991
700 _aSen, S. P., ed.
_916992
942 _cBK
999 _c10033
_d10033